Loading...
| History - American | 0 | 4 | 0 | 0 | 40 | 59 | 82.25 | 1 | 3 | 12.03 | 25.00 |
| History - European | 0 | 2 | 0 | 0 | 20 | 61 | 87.50 | 0 | 1 | 6.16 | 9.09 |
| Fine Arts - Painting and Sculpture | 0 | 1 | 0 | 0 | 10 | 120 | 120.00 | 0 | 0 | 1.24 | 3.64 |
| Literature - British | 0 | 1 | 0 | 1 | 10 | 133 | 133.00 | 0 | 0 | 0.00 | 1.82 |
| Literature - European | 0 | 1 | 0 | 1 | 10 | 142 | 142.00 | 0 | 0 | 0.00 | 3.64 |
| Literature - World | 0 | 1 | 0 | 1 | 10 | 127 | 127.00 | 0 | 0 | -0.07 | 1.82 |
| Other Academic | 0 | 1 | 0 | 1 | 10 | 136 | 136.00 | 0 | 1 | 0.00 | 6.67 |
| Philosophy | 0 | 1 | 0 | 0 | 10 | 130 | 130.00 | 0 | 0 | 0.00 | 2.27 |
| Religion | 0 | 1 | 0 | 0 | 10 | 126 | 126.00 | 0 | 1 | 1.19 | 7.27 |
| Science - Other | 0 | 1 | 0 | 0 | 10 | 122 | 122.00 | 0 | 1 | -0.08 | 3.64 |
| Current Events | 0 | 1 | 0 | 1 | 10 | 122 | 122.00 | 0 | 1 | 0.20 | 5.00 |
| Social Science | 0 | 1 | 0 | 1 | 10 | 130 | 130.00 | 0 | 0 | 0.00 | 1.82 |
| Fine Arts - Classical Music | 0 | 1 | 0 | 1 | 10 | 135 | 135.00 | 0 | 0 | -0.28 | 3.64 |